[Event "Let's Play Chess!"]
[Site "http://www.queenalice.com/game.php?id=1325787"]
[Date "2014.12.3"]
[Round "-"]
[White "Nimzou"]
[Black "DesJefferis"]
[Result "0-1"]
[WhiteElo "1299"]
[BlackElo "1112"]

1. e4 e6 2. Nf3 c5 3. d3 Nc6 4. Nbd2 d5 5. c3 Bd6 6. g3 Nge7 7. b3 a5 8. Bg2 b5
9. Bb2 O-O 10. O-O Be5 11. a3 g6 12. Ng5 Bb7 13. exd5 Nxd5 14. Be4 Bxc3 15. Bxd5
Bxb2 16. Ra2 Qxg5 17. Rxb2 Qxd5 18. Nf3 Nd4 19. Nxd4 Qg2# 0-1

[Event "AUTO-OPEN-3391"]
[Site "http://www.queenalice.com/game.php?id=1325871"]
[Date "2014.12.3"]
[Round "1"]
[White "DesJefferis"]
[Black "Paulsains"]
[Result "1/2-1/2"]
[WhiteElo "1179"]
[BlackElo "1940"]

1. e4 e5 2. Nf3 Nf6 3. Nc3 Nc6 4. Bc4 h6 5. d3 Bc5 6. Be3 Bxe3 7. fxe3 O-O 8. a3
d6 9. O-O Bg4 10. Qd2 Ne7 11. Qf2 Ng6 12. Qg3 Qd7 13. Nd5 Nxd5 14. Bxd5 c6 15.
Ba2 Be6 16. Nh4 Nxh4 17. Qxh4 Bxa2 18. Rxa2 Qe6 19. Raa1 Qg6 20. Rf3 f5 21. exf5
Rxf5 22. Raf1 Rxf3 23. Rxf3 d5 24. Qe7 e4 25. dxe4 dxe4 26. Rf4 Qh5 27. g4 Qd5
28. Qxb7 Qd1+ 29. Rf1 Qxg4+ 30. Kh1 Qc8 31. Qf7+ Kh8 32. Rg1 Qg8 33. Qb7 Qf8 34.
Qxc6 Qf3+ 35. Rg2 Rf8 36. Qg6 Qf1+ 37. Rg1 Qf3+ 38. Rg2 Qf1+ 39. Rg1 Qf3+ 40.
Rg2 1/2-1/2

[Event "AUTO-OPEN-3391"]
[Site "http://www.queenalice.com/game.php?id=1325872"]
[Date "2014.12.3"]
[Round "1"]
[White "Paulsains"]
[Black "DesJefferis"]
[Result "1-0"]
[WhiteElo "1893"]
[BlackElo "1112"]

1. e4 e6 2. d4 d5 3. e5 c5 4. Bb5+ Bd7 5. Bxd7+ Qxd7 6. Nf3 Nc6 7. Bf4 O-O-O 8.
O-O c4 9. Nc3 Bb4 10. Ne2 Nge7 11. Ng5 Ng6 12. Bg3 h6 13. Nf3 Ba5 14. c3 Rdf8
15. b3 cxb3 16. Qxb3 Bd8 17. Rfb1 b6 18. a4 Na5 19. Qb5 Qxb5 20. Rxb5 Kb7 21.
Rab1 Be7 22. Rxa5 1-0

[Event "AUTO-OPEN-3391"]
[Site "http://www.queenalice.com/game.php?id=1325873"]
[Date "2014.12.3"]
[Round "1"]
[White "DesJefferis"]
[Black "jalhallib"]
[Result "0-1"]
[WhiteElo "1112"]
[BlackElo "1923"]

1. e4 c6 2. d4 d5 3. e5 e6 4. Bd3 c5 5. c3 c4 6. Bc2 Be7 7. Qg4 g6 8. f4 h5 9.
Qf3 Nh6 10. Ne2 b5 11. a3 Nc6 12. Be3 a5 13. h3 Nf5 14. Bf2 Bb7 15. Ng3 Nh4 16.
Qe2 Nxg2+ 0-1

[Event "AUTO-OPEN-3391"]
[Site "http://www.queenalice.com/game.php?id=1325874"]
[Date "2014.12.3"]
[Round "1"]
[White "jalhallib"]
[Black "DesJefferis"]
[Result "0-1"]
[WhiteElo "1918"]
[BlackElo "1179"]

1. e4 e6 2. d4 d5 3. e5 c5 4. Bb5+ Bd7 5. Bxd7+ Nxd7 6. c3 Qb6 7. Nf3 h6 8. O-O
Ne7 9. b3 O-O-O 10. Be3 Nf5 11. dxc5 Nxe3 12. cxb6 Nxd1 13. Rxd1 Nxb6 14. Nd4 g5
15. a4 Nd7 16. Na3 Bxa3 17. Rxa3 Nxe5 18. Nf3 Nxf3+ 19. gxf3 Rd7 20. Raa1 Rc7
21. Rac1 Kb8 22. Rd4 Rhc8 23. c4 a6 24. Kg2 b5 25. axb5 axb5 26. f4 bxc4 27.
bxc4 Rxc4 28. Rcxc4 Rxc4 29. Rxc4 dxc4 30. Kf1 Kc7 31. Ke2 Kc6 32. fxg5 hxg5 33.
Kd2 Kd5 34. Ke3 e5 35. h3 f5 36. f3 f4+ 37. Ke2 Kd4 38. Kd2 c3+ 39. Ke2 Kc4 40.
Kd1 Kd3 41. Kc1 c2 42. Kb2 Kd2 43. Kb3 c1=Q 0-1

[Event "AUTO-OPEN-3392"]
[Site "http://www.queenalice.com/game.php?id=1326161"]
[Date "2014.12.5"]
[Round "1"]
[White "DesJefferis"]
[Black "dadge"]
[Result "0-1"]
[WhiteElo "1112"]
[BlackElo "1883"]

1. e4 c5 2. Nf3 d6 3. c3 Nc6 4. d4 cxd4 5. cxd4 Nf6 6. Bd3 Bg4 7. Be3 e6 8. a3
Be7 9. b4 O-O 10. Nbd2 d5 11. e5 Ne4 12. Qc2 f5 13. h3 Bh5 14. Nh2 Rc8 15. Qb2
Bg5 16. Nhf3 f4 17. Nxe4 dxe4 18. Nxg5 Qxg5 0-1

[Event "AUTO-OPEN-3392"]
[Site "http://www.queenalice.com/game.php?id=1326162"]
[Date "2014.12.5"]
[Round "1"]
[White "dadge"]
[Black "DesJefferis"]
[Result "1-0"]
[WhiteElo "1881"]
[BlackElo "1112"]

1. e4 e6 2. d4 d5 3. Nc3 Bb4 4. e5 c5 5. Nf3 Nc6 6. Bb5 Qb6 7. Bxc6+ Qxc6 8. Bd2
Ne7 9. O-O Nf5 10. dxc5 Bxc5 11. Ne2 Bd7 12. c3 O-O-O 13. Ned4 Nxd4 14. cxd4 1-0

[Event "AUTO-OPEN-3392"]
[Site "http://www.queenalice.com/game.php?id=1326163"]
[Date "2014.12.5"]
[Round "1"]
[White "DesJefferis"]
[Black "maurice91"]
[Result "1-0"]
[WhiteElo "1112"]
[BlackElo "1884"]

1. e4 c6 2. d4 d5 3. e5 c5 4. c3 e6 5. Nf3 Nc6 6. Be3 b6 7. Nbd2 cxd4 8. cxd4
Nge7 9. Qc2 Nf5 10. Bb5 Bd7 11. Bxc6 Rc8 12. Bxd7+ Qxd7 13. Qb3 Nxe3 14. fxe3 g6
15. O-O Bh6 16. h3 b5 17. e4 dxe4 18. Nxe4 O-O 19. Nf6+ 1-0

[Event "AUTO-OPEN-3392"]
[Site "http://www.queenalice.com/game.php?id=1326164"]
[Date "2014.12.5"]
[Round "1"]
[White "maurice91"]
[Black "DesJefferis"]
[Result "1-0"]
[WhiteElo "1869"]
[BlackElo "1112"]

1. d4 e6 2. e4 d5 3. Bd3 Nf6 4. Bg5 Be7 5. e5 Nfd7 6. Be3 c5 7. dxc5 Nxc5 8. Ne2
Nxd3+ 9. cxd3 Nc6 10. d4 Qa5+ 11. Nbc3 Bd7 12. O-O O-O 13. f4 f5 14. a3 Qb6 15.
Na4 Qa5 16. Bd2 Qd8 17. b4 a6 18. Rc1 Na7 19. Nc5 Bc6 20. Nxe6 1-0

[Event "AUTO-OPEN-3393"]
[Site "http://www.queenalice.com/game.php?id=1326505"]
[Date "2014.12.7"]
[Round "1"]
[White "DesJefferis"]
[Black "Beno"]
[Result "0-1"]
[WhiteElo "1146"]
[BlackElo "1100"]

1. e4 d6 2. Bc4 e6 3. d4 Nd7 4. a3 c6 5. Be3 Qc7 6. f4 g6 7. Nf3 Bg7 8. c3 Ngf6
9. Nbd2 O-O 10. e5 dxe5 11. fxe5 Nd5 12. Bf2 f6 13. exf6 N7xf6 14. O-O Ng4 15.
Bg3 Qb6 16. b4 Nxc3 17. Qc2 Ne2+ 18. Bxe2 Ne3 0-1

[Event "AUTO-OPEN-3393"]
[Site "http://www.queenalice.com/game.php?id=1326506"]
[Date "2014.12.7"]
[Round "1"]
[White "Beno"]
[Black "DesJefferis"]
[Result "1/2-1/2"]
[WhiteElo "1292"]
[BlackElo "1165"]

1. e4 e6 2. d4 d5 3. exd5 exd5 4. Nf3 Bg4 5. Be2 Nf6 6. O-O Be7 7. Bg5 Nbd7 8.
Re1 O-O 9. Nc3 c6 10. h3 Bh5 11. Bd3 Re8 12. g4 Bg6 13. Bxg6 fxg6 14. Qd3 Nb6
15. Re2 Nc4 16. b3 Nd6 17. Rae1 Nfe4 18. Bxe7 Rxe7 19. Na4 Rf7 20. Ne5 Rf4 21.
Nc3 Qh4 22. Nd1 Raf8 23. Rf1 Nf7 24. Nd7 Rd8 25. Nc5 Nxc5 26. dxc5 Ng5 27. Re3
Rdf8 28. Kg2 Ne4 29. Re2 h5 30. Rxe4 Rxe4 31. f3 Re6 32. Nf2 Rfe8 33. c4 dxc4
34. Qxc4 Kh7 35. Ne4 Qe7 36. Qxe6 Qxe6 37. Ng5+ Kh6 38. Nxe6 Rxe6 39. Rf2 a5 40.
Rc2 h4 41. Kf2 g5 42. Rc4 Re5 43. a3 Kg6 44. b4 axb4 45. axb4 Kf6 46. f4 Rd5 47.
fxg5+ Kxg5 48. Re4 Kf6 49. Kf3 g5 50. Re3 Rd4 51. Re4 Rxe4 52. Kxe4 Ke6 53. Kd4
Kf6 54. Ke4 Ke6 55. Kd4 Kf6 56. Ke4 1/2-1/2

[Event "AUTO-OPEN-3393"]
[Site "http://www.queenalice.com/game.php?id=1326507"]
[Date "2014.12.7"]
[Round "1"]
[White "DesJefferis"]
[Black "LUKK22"]
[Result "0-1"]
[WhiteElo "1169"]
[BlackElo "2611"]

1. e4 g6 2. d4 Bg7 3. Be3 d6 4. Bd3 Nf6 5. Nf3 O-O 6. O-O c5 7. c3 cxd4 8. Bxd4
Nc6 9. Be3 d5 10. exd5 Nxd5 11. Bf4 Nxf4 0-1

[Event "AUTO-OPEN-3393"]
[Site "http://www.queenalice.com/game.php?id=1326509"]
[Date "2014.12.7"]
[Round "1"]
[White "DesJefferis"]
[Black "Givanildo"]
[Result "0-1"]
[WhiteElo "1179"]
[BlackElo "1606"]

1. e4 e6 2. e5 d6 3. exd6 Bxd6 4. Nf3 h6 5. d4 Qf6 6. c3 Nc6 7. Bb5 a6 8. Ba4 b5
9. Bc2 Nge7 10. Be3 Nd5 11. Qe2 b4 12. Ba4 Bd7 13. Bd2 bxc3 14. bxc3 O-O 15. O-O
Nf4 16. Qe4 e5 17. d5 Bf5 18. Qe3 Qg6 19. g3 Nh3+ 20. Kg2 e4 21. Nh4 Nf4+ 22.
Kh1 Qg4 23. Nxf5 Qxf5 24. Bxc6 Qh3 25. gxf4 Qxf1# 0-1

[Event "AUTO-OPEN-3393"]
[Site "http://www.queenalice.com/game.php?id=1326510"]
[Date "2014.12.7"]
[Round "1"]
[White "Givanildo"]
[Black "DesJefferis"]
[Result "0-1"]
[WhiteElo "1608"]
[BlackElo "1170"]

1. e3 e6 2. d4 Nf6 3. h3 c5 4. Bc4 d5 5. Bb5+ Bd7 6. Bxd7+ Nbxd7 7. a3 cxd4 8.
Qxd4 Bc5 9. Qa4 O-O 10. Nf3 Nb6 11. Qf4 Rc8 12. b4 Bd6 13. Ne5 Nc4 14. Qg3 Bxe5
15. Qg5 Bxa1 16. c3 Bb2 17. e4 Bxc1 18. Qxc1 Nxe4 19. O-O Ncd6 20. f3 Nf6 21.
Rf2 Qb6 22. Qc2 Rc7 23. Kh1 Rfc8 24. Re2 d4 25. Qd3 dxc3 26. Rc2 Nd5 27. g4 Qe3
28. Qd1 Nb5 29. g5 Qxg5 30. Rg2 Qxg2+ 31. Kxg2 Ne3+ 32. Kf2 Nxd1+ 33. Ke1 c2 34.
Nd2 c1=Q 35. Ke2 Rc2 0-1

[Event "AUTO-OPEN-3394"]
[Site "http://www.queenalice.com/game.php?id=1326857"]
[Date "2014.12.8"]
[Round "1"]
[White "SAMOEL"]
[Black "DesJefferis"]
[Result "1-0"]
[WhiteElo "1898"]
[BlackElo "1200"]

1. e4 e5 2. Nf3 Nc6 3. c3 Bc5 4. d4 exd4 5. cxd4 Bb6 6. d5 Nce7 7. Nc3 a6 8. Bc4
d6 9. O-O Bg4 10. h3 Bh5 11. Qd3 Bg6 12. Qe2 Nf6 13. e5 1-0

[Event "AUTO-OPEN-3394"]
[Site "http://www.queenalice.com/game.php?id=1326858"]
[Date "2014.12.8"]
[Round "1"]
[White "DesJefferis"]
[Black "SAMOEL"]
[Result "0-1"]
[WhiteElo "1175"]
[BlackElo "1896"]

1. e4 e5 2. Nf3 d6 3. Bc4 Bg4 4. Nc3 c6 5. d3 Nf6 6. h3 Bh5 7. Bg5 h6 8. Bh4 Be7
9. g4 Bg6 10. g5 Nfd7 11. Qd2 Bh5 12. Qe3 Nb6 0-1

[Event "AUTO-OPEN-3394"]
[Site "http://www.queenalice.com/game.php?id=1326877"]
[Date "2014.12.8"]
[Round "1"]
[White "Paraucho"]
[Black "DesJefferis"]
[Result "1-0"]
[WhiteElo "1962"]
[BlackElo "1122"]

1. e4 e5 2. Nf3 Nc6 3. Bc4 Be7 4. c3 d6 5. h3 Nf6 6. Qe2 a6 7. O-O O-O 8. Rd1 b5
9. Bb3 Bb7 10. Bc2 Na5 11. d4 exd4 12. cxd4 Nc6 13. e5 Nd7 14. a3 dxe5 15. dxe5
Re8 16. Qd3 1-0

[Event "AUTO-OPEN-3394"]
[Site "http://www.queenalice.com/game.php?id=1326878"]
[Date "2014.12.8"]
[Round "1"]
[White "DesJefferis"]
[Black "Paraucho"]
[Result "0-1"]
[WhiteElo "1122"]
[BlackElo "1964"]

1. e4 c6 2. e5 d5 3. d4 Bf5 4. c3 e6 5. Bd3 Ne7 6. Bg5 Bg6 7. Nf3 Qb6 8. b4 a5
9. bxa5 Qxa5 10. a4 Nf5 11. O-O c5 12. Bb5+ Nc6 13. Qd2 cxd4 14. cxd4 Bb4 15.
Qd3 Nd6 16. Bxc6+ bxc6 17. Qb3 Ne4 18. Be3 O-O 19. Na3 Rfb8 20. Rfb1 Bf8 21. Qc2
Ng5 22. Rxb8 Nxf3+ 0-1

[Event "AUTO-OPEN-3394"]
[Site "http://www.queenalice.com/game.php?id=1326889"]
[Date "2014.12.8"]
[Round "1"]
[White "DesJefferis"]
[Black "chessman"]
[Result "0-1"]
[WhiteElo "1177"]
[BlackElo "1981"]

1. e4 e6 2. Nf3 d5 3. exd5 exd5 4. d4 c6 5. c3 Nf6 6. Bg5 Bd6 7. Be2 O-O 8. O-O
Be7 9. Nbd2 Qb6 10. b4 Qd8 11. Re1 Ne4 12. Bxe7 Qxe7 13. Nxe4 dxe4 14. Nd2 e3
15. fxe3 Qxe3+ 16. Kh1 Qxc3 0-1

[Event "AUTO-OPEN-3394"]
[Site "http://www.queenalice.com/game.php?id=1326890"]
[Date "2014.12.8"]
[Round "1"]
[White "chessman"]
[Black "DesJefferis"]
[Result "1-0"]
[WhiteElo "1989"]
[BlackElo "1171"]

1. e4 e5 2. Nf3 Nc6 3. Bc4 Nf6 4. d3 d5 5. exd5 Nxd5 6. O-O Bc5 7. Re1 Bd6 8.
Bxd5 Ne7 9. Bb3 O-O 10. Nxe5 Ng6 11. Nxg6 hxg6 12. Qf3 Qh4 13. h3 g5 14. g4 Bd7
15. d4 Bc6 16. d5 Bd7 17. Nc3 f5 18. Qg2 fxg4 19. hxg4 Bxg4 20. Re3 Bc5 21. d6+
1-0